[Event "Olimpiada de Khanty-Mansiysk 2010"]
[Site "Khanty-Mansiysk RUS"]
[Date "2010.09.30"]
[Round "9"]
[White "Xie, George Wendi"]
[Black "Hillarp Persson, Tiger"]
[Result "1/2-1/2"]
[WhiteElo "2478"]
[BlackElo "2517"]
[PlyCount "117"]
[EventDate "2010.09.21"]
[EventType "team"]
[EventRounds "11"]
[EventCountry "RUS"]
[Source "lmi"]
[SourceDate "2010.09.21"]
[WhiteTeam "Australia"]
[BlackTeam "Suecia"]
[WhiteTeamCountry "AUS"]
[BlackTeamCountry "SWE"]

1. e4 c5 2. Nf3 e6 3. Nc3 a6 4. g3 b5 5. d4 cxd4 6. Nxd4 Bb7 7. Bg2 Nf6 8. O-O
b4 9. Na4 Bxe4 10. Bxe4 Nxe4 11. Re1 Nc5 12. Qf3 Ra7 13. Nxc5 Bxc5 14. Nb3 Bb6
15. Bf4 d5 16. Bxb8 Qxb8 17. Qxd5 O-O 18. Qe4 Rd8 19. a3 bxa3 20. Rxa3 a5 21.
Ra4 Rad7 22. Nxa5 Bxa5 23. Rxa5 Qxb2 24. Ra8 g6 25. Rea1 Kg7 26. Kg2 Rxa8 27.
Rxa8 Rc7 28. Ra2 Qb5 29. c3 e5 30. Rb2 Qc5 31. c4 f5 32. Qe2 e4 33. Rd2 Kf6 34.
Rc2 Qd4 35. Rc1 Rc6 36. Qa2 e3 37. Qa8 Rc7 38. Re1 Qe4+ 39. Qxe4 fxe4 40. Rxe3
Rxc4 41. Ra3 h5 42. h3 Rb4 43. Ra5 Rb2 44. Kf1 Rc2 45. Rd5 Ra2 46. Rd4 Kf5 47.
Rd5+ Kf6 48. Rd8 Kf5 49. Rf8+ Ke5 50. g4 hxg4 51. hxg4 e3 52. fxe3 Ra4 53. g5
Rg4 54. Ra8 Rxg5 55. Ra5+ Kf6 56. Ra6+ Ke5 57. Ra5+ Kf6 58. Ra6+ Ke5 59. Ra5+
1/2-1/2

[Event "Olimpiada de Khanty-Mansiysk 2010"]
[Site "Khanty-Mansiysk RUS"]
[Date "2010.09.30"]
[Round "9"]
[White "Cicak, Slavko"]
[Black "Johansen, Darryl K"]
[Result "0-1"]
[WhiteElo "2568"]
[BlackElo "2420"]
[PlyCount "76"]
[EventDate "2010.09.21"]
[EventType "team"]
[EventRounds "11"]
[EventCountry "RUS"]
[Source "lmi"]
[SourceDate "2010.09.21"]
[WhiteTeam "Suecia"]
[BlackTeam "Australia"]
[WhiteTeamCountry "SWE"]
[BlackTeamCountry "AUS"]

1. e4 c5 2. Nf3 e6 3. b3 d6 4. Bb2 Nf6 5. Bd3 Nc6 6. O-O Be7 7. Re1 O-O 8. Bf1
d5 9. e5 Ng4 10. h3 Nh6 11. c4 Nf5 12. Nc3 Nfd4 13. Nxd4 Nxd4 14. Ne2 Nxe2+ 15.
Bxe2 dxc4 16. Bxc4 Bd7 17. Qg4 b5 18. Be2 Bc6 19. d4 cxd4 20. Red1 Qc7 21. Rac1
Qb7 22. Bxd4 Rfd8 23. Be3 Rxd1+ 24. Rxd1 Bd5 25. h4 Kh8 26. h5 h6 27. Bd3 a6
28. Bb1 Rd8 29. Kh2 Bc6 30. Rxd8+ Bxd8 31. Qd1 Bc7 32. Qc2 f5 33. Qc5 Kh7 34.
f3 Be8 35. f4 Bxh5 36. Qe7 Qc6 37. Bc5 Be2 38. Bd6 Bf1 0-1

[Event "Olimpiada de Khanty-Mansiysk 2010"]
[Site "Khanty-Mansiysk RUS"]
[Date "2010.09.30"]
[Round "9"]
[White "Solomon, Stephen J"]
[Black "Grandelius, Nils"]
[Result "0-1"]
[WhiteElo "2396"]
[BlackElo "2500"]
[PlyCount "99"]
[EventDate "2010.09.21"]
[EventType "team"]
[EventRounds "11"]
[EventCountry "RUS"]
[Source "lmi"]
[SourceDate "2010.09.21"]
[WhiteTeam "Australia"]
[BlackTeam "Suecia"]
[WhiteTeamCountry "AUS"]
[BlackTeamCountry "SWE"]

1. e4 c5 2. Nf3 e6 3. d4 cxd4 4. Nxd4 a6 5. Nc3 b5 6. Bd3 Qb6 7. Nb3 Qc7 8. O-O
Bb7 9. f4 d6 10. f5 Nf6 11. fxe6 fxe6 12. Nd4 Qd7 13. Qf3 Nc6 14. Nxc6 Bxc6 15.
Ne2 e5 16. Ng3 Be7 17. Nf5 O-O 18. Qg3 Bd8 19. Be3 Kh8 20. Qh3 g6 21. Ng3 Qxh3
22. gxh3 Kg7 23. Kg2 d5 24. Bc5 Rf7 25. Rae1 Rc8 26. b4 Be7 27. Bxe7 Rxe7 28.
Rf2 h5 29. h4 dxe4 30. Nxe4 Bxe4+ 31. Bxe4 Rc4 32. Rxf6 Kxf6 33. a3 Rd7 34. Re3
Rdc7 35. Kf3 Rc3 36. Bd3 Rxa3 37. Ke4 Ra4 38. Rf3+ Ke6 39. Ke3 Rxb4 40. Rf8
Rxh4 41. Rg8 Kf7 42. Ra8 Rc6 43. h3 e4 44. Bf1 Kf6 45. Kd4 Kg5 46. c4 bxc4 47.
Kd5 Rf6 48. Bxc4 e3 49. Bd3 Rxh3 50. Kd4 0-1

[Event "Olimpiada de Khanty-Mansiysk 2010"]
[Site "Khanty-Mansiysk RUS"]
[Date "2010.09.30"]
[Round "9"]
[White "Djukic, Nikola"]
[Black "Gundavaa, Bayarsaikhan"]
[Result "1/2-1/2"]
[WhiteElo "2475"]
[BlackElo "2460"]
[PlyCount "78"]
[EventDate "2010.09.21"]
[EventType "team"]
[EventRounds "11"]
[EventCountry "RUS"]
[Source "lmi"]
[SourceDate "2010.09.21"]
[WhiteTeam "MNE"]
[BlackTeam "Mongolia"]
[BlackTeamCountry "MGL"]

1. e4 c5 2. Nf3 d6 3. d4 cxd4 4. Nxd4 Nf6 5. Nc3 a6 6. Be3 e5 7. Nb3 Be6 8. f3
Be7 9. Qd2 O-O 10. O-O-O a5 11. Bb5 Na6 12. Qe2 Qb8 13. g4 Rc8 14. g5 Ne8 15.
Bxe8 Rxe8 16. Nxa5 Nc7 17. Nc4 b5 18. Nxd6 b4 19. Nb1 Rd8 20. Nf5 Bf8 21. Rxd8
Qxd8 22. Rd1 Qb8 23. Qd3 Bxa2 24. Kd2 Be6 25. b3 Qb7 26. Ke2 Nb5 27. Kf2 Qc6
28. Nd2 Na3 29. Nc4 Nxc4 30. bxc4 Ra3 31. Qd8 Bxf5 32. exf5 Rxe3 33. Kxe3 Qxc4
34. f6 Qf4+ 35. Ke2 Qxh2+ 36. Kf1 Qh1+ 37. Kf2 Qh2+ 38. Kf1 Qh1+ 39. Kf2 Qh2+
1/2-1/2

[Event "Olimpiada de Khanty-Mansiysk 2010"]
[Site "Khanty-Mansiysk RUS"]
[Date "2010.09.30"]
[Round "9"]
[White "Battulga, Namkhai"]
[Black "Drasko, Milan"]
[Result "0-1"]
[WhiteElo "2421"]
[BlackElo "2486"]
[PlyCount "112"]
[EventDate "2010.09.21"]
[EventType "team"]
[EventRounds "11"]
[EventCountry "RUS"]
[Source "lmi"]
[SourceDate "2010.09.21"]
[WhiteTeam "Mongolia"]
[BlackTeam "MNE"]
[WhiteTeamCountry "MGL"]

1. e4 e6 2. d4 d5 3. Nc3 Bb4 4. e5 Ne7 5. a3 Bxc3+ 6. bxc3 c5 7. Qg4 O-O 8. Bd3
f5 9. exf6 Rxf6 10. Bg5 Rf7 11. Qh5 g6 12. Qd1 Nbc6 13. Nf3 Qf8 14. O-O c4 15.
Be2 h6 16. Bc1 Kh7 17. a4 Bd7 18. Ba3 Qb8 19. Rb1 Qc7 20. Qd2 Rd8 21. h3 Bc8
22. Nh2 e5 23. Bg4 Nf5 24. Bc1 exd4 25. Bxf5 Bxf5 26. Qxh6+ Kg8 27. Bf4 Qe7 28.
Bg5 Qf8 29. Qh4 Re8 30. Rbe1 Rxe1 31. Rxe1 dxc3 32. Ng4 Bxg4 33. Qxg4 Rf5 34.
f4 Qf7 35. Qg3 d4 36. Re4 Qd7 37. Re1 d3 38. Kh2 d2 39. Rd1 Qd4 40. h4 Kf7 41.
Qf3 Ke6 42. Qh3 Nb4 43. h5 Nd5 44. hxg6 Qg7 45. Bh6 Qf6 46. Rf1 Ne7 47. Bg5 Qg7
48. Qe3+ Kd6 49. Bxe7+ Qxe7 50. Qxc3 Qh4+ 51. Kg1 Qxf4 52. Rxf4 d1=Q+ 53. Kh2
Rxf4 54. g7 Qh5+ 55. Qh3 Qe5 56. Qa3+ Kc6 0-1

[Event "Olimpiada de Khanty-Mansiysk 2010"]
[Site "Khanty-Mansiysk RUS"]
[Date "2010.09.30"]
[Round "9"]
[White "Blagojevic, Dragisa"]
[Black "Erdene, Ganzorig"]
[Result "1-0"]
[WhiteElo "2481"]
[BlackElo "2330"]
[PlyCount "133"]
[EventDate "2010.09.21"]
[EventType "team"]
[EventRounds "11"]
[EventCountry "RUS"]
[Source "lmi"]
[SourceDate "2010.09.21"]
[WhiteTeam "MNE"]
[BlackTeam "Mongolia"]
[BlackTeamCountry "MGL"]

1. d4 Nf6 2. c4 g6 3. Nf3 Bg7 4. g3 O-O 5. Bg2 c6 6. O-O d5 7. b3 a5 8. Nc3 Bg4
9. Ne5 Be6 10. Bb2 Nbd7 11. Rc1 dxc4 12. Nxc4 a4 13. d5 cxd5 14. Nxd5 axb3 15.
axb3 b5 16. Nxf6+ Nxf6 17. Bxa8 Qxa8 18. Ne3 Bh3 19. Bxf6 Bxf6 20. Re1 b4 21.
Qd5 Be6 22. Qc5 Rb8 23. Rb1 Rc8 24. Qxb4 Bc3 25. Qxe7 Bxe1 26. Rxe1 Bxb3 27.
Qe5 Re8 28. Qc3 Be6 29. Ng2 Rc8 30. Qf6 Qe4 31. Nf4 Bd7 32. Rd1 Qa4 33. Rd4
Rc1+ 34. Kg2 Qc6+ 35. Qxc6 Bxc6+ 36. f3 h5 37. Kf2 Kg7 38. h4 Bb5 39. Rd5 Bc6
40. Rd8 Bb5 41. Rb8 Ba6 42. Ra8 Rc6 43. Ra7 Bc4 44. Nh3 Re6 45. e4 Rb6 46. Ke3
Rd6 47. Ng5 Bb3 48. Rc7 Ba2 49. Ra7 Bb3 50. e5 Rc6 51. Ne4 Be6 52. Nd6 Rb6 53.
Kf4 Rc6 54. Ra8 Kh6 55. Rh8+ Kg7 56. Rd8 Kh6 57. g4 hxg4 58. fxg4 g5+ 59. hxg5+
Kg6 60. Rh8 Rc1 61. Rh6+ Kg7 62. Nf5+ Kg8 63. g6 Re1 64. Kg5 Bd7 65. Kf6 fxg6
66. Ne7+ Kf8 67. Rh8# 1-0

[Event "Olimpiada de Khanty-Mansiysk 2010"]
[Site "Khanty-Mansiysk RUS"]
[Date "2010.09.30"]
[Round "9"]
[White "Batchuluun, Tsegmed"]
[Black "Kalezic, Blazo"]
[Result "1/2-1/2"]
[WhiteElo "2422"]
[BlackElo "2449"]
[PlyCount "155"]
[EventDate "2010.09.21"]
[EventType "team"]
[EventRounds "11"]
[EventCountry "RUS"]
[Source "lmi"]
[SourceDate "2010.09.21"]
[WhiteTeam "Mongolia"]
[BlackTeam "MNE"]
[WhiteTeamCountry "MGL"]

1. d4 d5 2. c4 c6 3. Nf3 Nf6 4. Nc3 e6 5. Bg5 h6 6. Bxf6 Qxf6 7. e3 Nd7 8. Bd3
dxc4 9. Bxc4 g6 10. O-O Bg7 11. e4 e5 12. d5 O-O 13. Rc1 Nb6 14. Bb3 cxd5 15.
Nxd5 Nxd5 16. Bxd5 Be6 17. Qb3 Bxd5 18. Qxd5 Rab8 19. Qa5 a6 20. Rfd1 Rbc8 21.
Qb4 b5 22. h3 Qe6 23. b3 Rxc1 24. Rxc1 Rc8 25. Qd2 Rxc1+ 26. Qxc1 Qd6 27. Qc2
Bf6 28. Kf1 Bd8 29. Qd2 Qxd2 30. Nxd2 Kf8 31. Nf3 Bc7 32. Ne1 Ke7 33. Ke2 Kd6
34. Nc2 Bb6 35. Nb4 a5 36. Nd3 Bd4 37. a4 Kc6 38. g4 Kb6 39. Kd2 Kc6 40. Kc2
Kb6 41. f3 Kc6 42. Kd2 Kb6 43. Ke2 Kc6 44. Kf1 g5 45. Kg2 Kb6 46. h4 Kc6 47. h5
Kb6 48. Kf1 Kc6 49. Ke2 Kb6 50. Kd1 Kc6 51. Kc2 Kb6 52. axb5 Kxb5 53. Nc1 a4
54. bxa4+ Kxa4 55. Ne2 Bc5 56. Kc3 Kb5 57. Ng3 Bd6 58. Nf5 Bf8 59. Ne3 Be7 60.
Nc4 Kc5 61. Kd3 Bf6 62. Ne3 Be7 63. Nd5 Bd8 64. Kd2 Kb5 65. Kc3 Kc5 66. Kd3 f6
67. Kd2 Kb5 68. Kc3 Kc5 69. Ne3 Be7 70. Kb3 Kb5 71. Kc2 Kc5 72. Kc3 Kb5 73. Kb3
Kc5 74. Nf5 Bf8 75. Kc3 Kb5 76. Ne3 Be7 77. Kd3 Kc5 78. Nf5 1/2-1/2

[Event "Olimpiada de Khanty-Mansiysk 2010"]
[Site "Khanty-Mansiysk RUS"]
[Date "2010.09.30"]
[Round "9"]
[White "Rozentalis, Eduardas"]
[Black "Flores, Diego"]
[Result "1/2-1/2"]
[WhiteElo "2611"]
[BlackElo "2615"]
[PlyCount "41"]
[EventDate "2010.09.21"]
[EventType "team"]
[EventRounds "11"]
[EventCountry "RUS"]
[Source "lmi"]
[SourceDate "2010.09.21"]
[WhiteTeam "Lituania"]
[BlackTeam "Argentina"]
[WhiteTeamCountry "LTU"]
[BlackTeamCountry "ARG"]

1. e4 c5 2. Nf3 e6 3. Nc3 a6 4. g3 b5 5. d4 cxd4 6. Nxd4 Bb7 7. Bg2 Ne7 8. O-O
Nbc6 9. Nxc6 Nxc6 10. Re1 d6 11. Ne2 Be7 12. Nd4 O-O 13. Nxc6 Bxc6 14. Bf4 Qc7
15. Qd2 Rfd8 16. Rad1 h6 17. Qe2 b4 18. Qg4 Kh7 19. Bf1 Bf6 20. Bd3 Be5 21. b3
1/2-1/2

[Event "Olimpiada de Khanty-Mansiysk 2010"]
[Site "Khanty-Mansiysk RUS"]
[Date "2010.09.30"]
[Round "9"]
[White "Felgaer, Ruben"]
[Black "Sulskis, Sarunas"]
[Result "1/2-1/2"]
[WhiteElo "2597"]
[BlackElo "2544"]
[PlyCount "135"]
[EventDate "2010.09.21"]
[EventType "team"]
[EventRounds "11"]
[EventCountry "RUS"]
[Source "lmi"]
[SourceDate "2010.09.21"]
[WhiteTeam "Argentina"]
[BlackTeam "Lituania"]
[WhiteTeamCountry "ARG"]
[BlackTeamCountry "LTU"]

1. e4 e5 2. Nf3 Nc6 3. Bb5 a6 4. Ba4 Nf6 5. O-O b5 6. Bb3 Bc5 7. a4 Rb8 8. c3
d6 9. d4 Bb6 10. axb5 axb5 11. Qd3 O-O 12. Bg5 h6 13. Bxf6 Qxf6 14. Qxb5 Ne7
15. dxe5 Qf4 16. Qe2 Bg4 17. Qd2 Qxe4 18. Ra4 Qg6 19. Nh4 Qh5 20. exd6 cxd6 21.
Bd1 Bxd1 22. Qxd1 Qb5 23. Rb4 Qc6 24. Nd2 d5 25. Nhf3 Bc7 26. Rxb8 Rxb8 27. Qc2
Qb7 28. b4 Bb6 29. Nb3 Rc8 30. Rd1 Qc6 31. Rd3 Nf5 32. g3 Nd6 33. Nbd4 Qa8 34.
Kg2 Ne4 35. Qb3 g6 36. Ne5 Bxd4 37. cxd4 Rc1 38. Qb2 Qc8 39. Ra3 Nxf2 40. Ra8
Qxa8 41. Qxc1 Qa2 42. Kg1 Nh3+ 43. Kh1 Nf2+ 44. Kg1 Nh3+ 45. Kh1 Ng5 46. Qf1
Qd2 47. h4 Qxd4 48. hxg5 Qxe5 49. gxh6 Qxg3 50. h7+ Kg7 51. h8=Q+ Kxh8 52. Qxf7
Qd6 53. b5 d4 54. Qe8+ Kg7 55. Qc6 Qd8 56. b6 d3 57. Qc7+ Qxc7 58. bxc7 d2 59.
c8=Q d1=Q+ 60. Kg2 Qd3 61. Qc7+ Kf6 62. Qf4+ Ke6 63. Qg4+ Ke5 64. Qg3+ Qxg3+
65. Kxg3 Kf5 66. Kf3 Kg5 67. Kg3 Kh5 68. Kh3 1/2-1/2

[Event "Olimpiada de Khanty-Mansiysk 2010"]
[Site "Khanty-Mansiysk RUS"]
[Date "2010.09.30"]
[Round "9"]
[White "Cmilyte, Viktorija"]
[Black "Peralta, Fernando"]
[Result "0-1"]
[WhiteElo "2513"]
[BlackElo "2572"]
[PlyCount "86"]
[EventDate "2010.09.21"]
[EventType "team"]
[EventRounds "11"]
[EventCountry "RUS"]
[Source "lmi"]
[SourceDate "2010.09.21"]
[WhiteTeam "Lituania"]
[BlackTeam "Argentina"]
[WhiteTeamCountry "LTU"]
[BlackTeamCountry "ARG"]

1. d4 d5 2. c4 c6 3. Nf3 Nf6 4. Nc3 dxc4 5. a4 Bf5 6. Nh4 Bd7 7. e4 b5 8. axb5
cxb5 9. e5 Nd5 10. Bg5 h6 11. Bd2 e6 12. Qg4 g6 13. Be2 Be7 14. Nf3 Nxc3 15.
bxc3 Bc6 16. O-O Bd5 17. Rfb1 a6 18. h4 Nc6 19. h5 g5 20. Nh2 Na5 21. Nf1 Nb3
22. Ra2 a5 23. Ne3 Bc6 24. Bf3 Qd7 25. Be4 a4 26. Re1 a3 27. d5 Bxd5 28. Nxd5
exd5 29. Bf5 Qc6 30. e6 f6 31. Bg6+ Kd8 32. Be3 Kc7 33. f4 Kb7 34. Rd1 Rad8 35.
Kh1 Rhf8 36. Bf7 b4 37. cxb4 d4 38. fxg5 dxe3 39. g6 f5 40. b5 fxg4 41. bxc6+
Kxc6 42. Rf1 Rd2 43. Rxd2 exd2 0-1

[Event "Olimpiada de Khanty-Mansiysk 2010"]
[Site "Khanty-Mansiysk RUS"]
[Date "2010.09.30"]
[Round "9"]
[White "Lafuente, Pablo"]
[Black "Malisauskas, Vidmantas"]
[Result "1-0"]
[WhiteElo "2565"]
[BlackElo "2510"]
[PlyCount "89"]
[EventDate "2010.09.21"]
[EventType "team"]
[EventRounds "11"]
[EventCountry "RUS"]
[Source "lmi"]
[SourceDate "2010.09.21"]
[WhiteTeam "Argentina"]
[BlackTeam "Lituania"]
[WhiteTeamCountry "ARG"]
[BlackTeamCountry "LTU"]

1. c4 e5 2. Nc3 Nf6 3. g3 d5 4. cxd5 Nxd5 5. Bg2 Nb6 6. Nf3 Nc6 7. O-O Be7 8.
a3 O-O 9. b4 Be6 10. Rb1 f6 11. d3 a5 12. b5 Nd4 13. Nd2 Nd5 14. Bxd5 Bxd5 15.
e3 Be6 16. exd4 Qxd4 17. Nde4 Rfd8 18. b6 c6 19. Be3 Qxd3 20. Qxd3 Rxd3 21. Bc5
Bxc5 22. Nxc5 Rxc3 23. Nxe6 Kf7 24. Nc7 Rd8 25. Rfd1 Rcd3 26. Rxd3 Rxd3 27. Na6
Rd5 28. Kf1 Ke7 29. Ke2 f5 30. a4 g6 31. Rb2 Kd6 32. Nc7 Rd4 33. Rd2 Rxd2+ 34.
Kxd2 e4 35. Kc3 g5 36. Kd4 h6 37. Ne8+ Ke7 38. Ng7 Kf6 39. Nh5+ Ke6 40. g4 fxg4
41. Ng3 c5+ 42. Kxc5 Ke5 43. Nh5 e3 44. fxe3 Ke4 45. Kd6 1-0

[Event "Olimpiada de Khanty-Mansiysk 2010"]
[Site "Khanty-Mansiysk RUS"]
[Date "2010.09.30"]
[Round "9"]
[White "Amanov, Mesgen"]
[Black "So, Wesley"]
[Result "0-1"]
[WhiteElo "2493"]
[BlackElo "2668"]
[PlyCount "95"]
[EventDate "2010.09.21"]
[EventType "team"]
[EventRounds "11"]
[EventCountry "RUS"]
[Source "lmi"]
[SourceDate "2010.09.21"]
[WhiteTeam "Turkmenistán"]
[BlackTeam "Filipinas"]
[WhiteTeamCountry "TKM"]
[BlackTeamCountry "PHI"]

1. d4 Nf6 2. c4 g6 3. g3 Bg7 4. Bg2 d5 5. cxd5 Nxd5 6. Nf3 O-O 7. O-O Nb6 8.
Nc3 Nc6 9. e3 Re8 10. Re1 a5 11. Qe2 Be6 12. Rd1 Bc4 13. Qc2 a4 14. e4 Nb4 15.
Qb1 c5 16. Be3 Bd3 17. Rxd3 Nxd3 18. Qxd3 cxd4 19. Nxd4 e5 20. Nd5 exd4 21.
Bxd4 Bxd4 22. Qxd4 Nxd5 23. exd5 Qd6 24. a3 Rac8 25. Qxa4 Re2 26. Qd4 Rcc2 27.
Rd1 Rxb2 28. Bf3 Rxf2 29. Qxf2 Rxf2 30. Kxf2 Kf8 31. a4 Qc5+ 32. Ke2 Qc2+ 33.
Rd2 Qxa4 34. d6 Ke8 35. d7+ Kd8 36. h3 b5 37. Bb7 Qc4+ 38. Rd3 f5 39. Bd5 Qc2+
40. Rd2 Qc3 41. Bf3 b4 42. Rd3 Qc2+ 43. Rd2 Qc7 44. g4 Qh2+ 45. Ke3 Qxh3 46.
gxf5 Qxf5 47. Rd3 b3 48. Kd4 0-1

[Event "Olimpiada de Khanty-Mansiysk 2010"]
[Site "Khanty-Mansiysk RUS"]
[Date "2010.09.30"]
[Round "9"]
[White "Laylo, Darwin"]
[Black "Annaberdiev, Meylis"]
[Result "1-0"]
[WhiteElo "2522"]
[BlackElo "2465"]
[PlyCount "103"]
[EventDate "2010.09.21"]
[EventType "team"]
[EventRounds "11"]
[EventCountry "RUS"]
[Source "lmi"]
[SourceDate "2010.09.21"]
[WhiteTeam "Filipinas"]
[BlackTeam "Turkmenistán"]
[WhiteTeamCountry "PHI"]
[BlackTeamCountry "TKM"]

1. d4 g6 2. Nf3 Bg7 3. c4 d6 4. g3 Nf6 5. Bg2 O-O 6. Nc3 c6 7. O-O Nbd7 8. e4
e5 9. h3 Qb6 10. Re1 Re8 11. d5 cxd5 12. cxd5 Nc5 13. Qe2 Bd7 14. Be3 Rac8 15.
Rab1 a5 16. Nd2 Qc7 17. Rec1 Bf8 18. b3 Qb8 19. a3 Qa8 20. Bf1 b5 21. Qf3 b4
22. Na2 Nfxe4 23. Nxe4 Nxe4 24. Qxe4 Bf5 25. Qf3 Bxb1 26. Rxb1 bxa3 27. Qd1 e4
28. Bb5 Re5 29. Bc6 Rxc6 30. dxc6 Qxc6 31. Rc1 Qd7 32. Kg2 Bg7 33. Nc3 Re8 34.
Bd4 Bxd4 35. Qxd4 Qf5 36. Nd5 Re5 37. Ne3 Qf3+ 38. Kg1 Rc5 39. Rxc5 dxc5 40.
Qd8+ Kg7 41. Qxa5 h5 42. Qxa3 h4 43. Qxc5 Qf6 44. gxh4 Qxh4 45. Qe5+ Kg8 46.
Kg2 f5 47. Nd5 Qg5+ 48. Qg3 Qh6 49. Qb8+ Kf7 50. Qc7+ Ke6 51. Nf4+ Kf6 52. Qd6+
1-0

[Event "Olimpiada de Khanty-Mansiysk 2010"]
[Site "Khanty-Mansiysk RUS"]
[Date "2010.09.30"]
[Round "9"]
[White "Atabayev, Maksat"]
[Black "Torre, Eugenio"]
[Result "0-1"]
[WhiteElo "2318"]
[BlackElo "2489"]
[PlyCount "116"]
[EventDate "2010.09.21"]
[EventType "team"]
[EventRounds "11"]
[EventCountry "RUS"]
[Source "lmi"]
[SourceDate "2010.09.21"]
[WhiteTeam "Turkmenistán"]
[BlackTeam "Filipinas"]
[WhiteTeamCountry "TKM"]
[BlackTeamCountry "PHI"]

1. e4 b6 2. d4 Bb7 3. Nc3 e6 4. Bd3 Nf6 5. Nge2 d5 6. exd5 Nxd5 7. Nxd5 Qxd5 8.
Nf4 Qd6 9. O-O Nd7 10. Ne2 Nf6 11. Bb5+ c6 12. Bf4 Qd7 13. Bc4 Be7 14. Qd3 O-O
15. Qh3 Rad8 16. Rad1 c5 17. c3 Be4 18. Ng3 Bg6 19. Be5 Qc6 20. Be2 Nd7 21. Bf3
Qb5 22. Bc7 Rc8 23. Bf4 Nf6 24. Rfe1 cxd4 25. cxd4 Nd5 26. Be5 Rfd8 27. Nh5 Bf8
28. Qg4 Qxb2 29. h4 Qc2 30. Ng3 Bf5 31. Nxf5 Qxf5 32. Qg3 Qg6 33. Qh3 h5 34.
Be4 Qg4 35. Qh2 Be7 36. g3 f5 37. Bd3 Bb4 38. Rf1 Bd6 39. Rfe1 Bxe5 40. Be2
Bxg3 41. fxg3 Qg6 42. Ba6 Rc3 43. Rd3 Rxd3 44. Bxd3 Nf4 45. Bf1 Rxd4 46. Qf2
Nd3 47. Rxe6 Nxf2 48. Rxg6 Ne4 49. Bh3 Nd6 50. Rg5 Rd1+ 51. Kg2 Rd2+ 52. Kg1
Rxa2 53. Rxh5 g6 54. Rg5 Kf7 55. g4 Ne4 56. gxf5 Nxg5 57. fxg6+ Kxg6 58. hxg5
Kxg5 0-1

[Event "Olimpiada de Khanty-Mansiysk 2010"]
[Site "Khanty-Mansiysk RUS"]
[Date "2010.09.30"]
[Round "9"]
[White "Bitoon, Richard"]
[Black "Atabayev, Yusup"]
[Result "1-0"]
[WhiteElo "2447"]
[BlackElo "2313"]
[PlyCount "81"]
[EventDate "2010.09.21"]
[EventType "team"]
[EventRounds "11"]
[EventCountry "RUS"]
[Source "lmi"]
[SourceDate "2010.09.21"]
[WhiteTeam "Filipinas"]
[BlackTeam "Turkmenistán"]
[WhiteTeamCountry "PHI"]
[BlackTeamCountry "TKM"]

1. c4 Nf6 2. Nc3 g6 3. e4 d6 4. g3 Bg7 5. Bg2 O-O 6. Nge2 e5 7. O-O Be6 8. d3
Qd7 9. Bg5 h6 10. Be3 c6 11. Qc1 Kh7 12. f4 Bh3 13. Qc2 Na6 14. Rad1 Rae8 15.
a3 Bxg2 16. Kxg2 d5 17. fxe5 Rxe5 18. Bd4 Rh5 19. Bxf6 Bxf6 20. Rxf6 Qh3+ 21.
Kf3 Qxh2 22. Nd4 Kg7 23. Qxh2 Rxh2 24. Rd6 dxc4 25. Nde2 cxd3 26. R6xd3 Re8 27.
b4 Nc7 28. Nf4 Rb2 29. R1d2 Rb3 30. Na4 Rb1 31. Rd1 Rxd1 32. Rxd1 Nb5 33. Rd3
b6 34. Nb2 c5 35. bxc5 bxc5 36. Ne2 Re6 37. a4 Nd6 38. Nf4 Rxe4 39. Rxd6 Rb4
40. Nfd3 Rb3 41. Rc6 1-0

[Event "Olimpiada de Khanty-Mansiysk 2010"]
[Site "Khanty-Mansiysk RUS"]
[Date "2010.09.30"]
[Round "9"]
[White "Markov, Mikhail"]
[Black "Nedev, Trajko"]
[Result "1-0"]
[WhiteElo "2261"]
[BlackElo "2505"]
[PlyCount "97"]
[EventDate "2010.09.21"]
[EventType "team"]
[EventRounds "11"]
[EventCountry "RUS"]
[Source "lmi"]
[SourceDate "2010.09.21"]
[WhiteTeam "Kyrgyzstan"]
[BlackTeam "MKD"]
[WhiteTeamCountry "KGZ"]

1. c4 e5 2. Nc3 Nc6 3. Nf3 Nf6 4. g3 Bc5 5. Bg2 d6 6. O-O O-O 7. d3 h6 8. h3
Be6 9. b3 a6 10. Bb2 Rb8 11. e3 Ba7 12. d4 exd4 13. exd4 d5 14. c5 Ne4 15. Ne2
g5 16. Nd2 f5 17. Nxe4 fxe4 18. g4 Ne7 19. f3 exf3 20. Rxf3 Rxf3 21. Bxf3 Ng6
22. Qd3 Qf6 23. Rf1 Rf8 24. Bc1 Nh4 25. Ng3 Nxf3+ 26. Rxf3 Qxf3 27. Qg6+ Kh8
28. Qxh6+ Kg8 29. Qxe6+ Qf7 30. Qxf7+ Kxf7 31. Bxg5 b6 32. c6 Re8 33. Bf4 b5
34. Nf5 Bb6 35. Kf2 Re6 36. h4 Rxc6 37. h5 Rc2+ 38. Kf3 Rc3+ 39. Be3 c5 40. h6
cxd4 41. h7 Rxe3+ 42. Nxe3 Kg7 43. Nxd5 Bd8 44. Ke4 Kxh7 45. Kxd4 Kg6 46. Kc5
Kg5 47. Kc6 Kxg4 48. Nc7 a5 49. Ne6 1-0

[Event "Olimpiada de Khanty-Mansiysk 2010"]
[Site "Khanty-Mansiysk RUS"]
[Date "2010.09.30"]
[Round "9"]
[White "Mitkov, Nikola"]
[Black "Tologontegin, Semetey"]
[Result "1-0"]
[WhiteElo "2531"]
[BlackElo "2320"]
[PlyCount "91"]
[EventDate "2010.09.21"]
[EventType "team"]
[EventRounds "11"]
[EventCountry "RUS"]
[Source "lmi"]
[SourceDate "2010.09.21"]
[WhiteTeam "MKD"]
[BlackTeam "Kyrgyzstan"]
[BlackTeamCountry "KGZ"]

1. e4 c6 2. d4 d5 3. f3 Qb6 4. Nc3 e6 5. a3 Nf6 6. e5 Nfd7 7. f4 c5 8. Nf3 Nc6
9. Be3 c4 10. Rb1 Qa5 11. Be2 b5 12. O-O b4 13. axb4 Bxb4 14. Ra1 Qc7 15. f5
Bxc3 16. bxc3 exf5 17. Nh4 Nf8 18. Nxf5 Bxf5 19. Rxf5 Ne6 20. Bc1 O-O 21. Ba3
Ne7 22. Rf2 Ng5 23. Bd6 Qd7 24. Bf3 Rfe8 25. Ra5 Rad8 26. Qe2 Nc8 27. Bc5 Nxf3+
28. Qxf3 Re6 29. h3 h6 30. Rf1 f6 31. Qg4 fxe5 32. dxe5 Rde8 33. Bd4 Qb7 34.
Qf3 Rd8 35. Rfa1 a6 36. Rf1 Na7 37. Qg4 Rde8 38. Rf6 Rxf6 39. exf6 Nc6 40. Rxd5
Nxd4 41. cxd4 Qf7 42. Rd6 a5 43. fxg7 Re1+ 44. Kh2 Qc7 45. Qf4 Rf1 46. Qxh6 1-0

[Event "Olimpiada de Khanty-Mansiysk 2010"]
[Site "Khanty-Mansiysk RUS"]
[Date "2010.09.30"]
[Round "9"]
[White "Shukuraliev, Algis"]
[Black "Stanojoski, Zvonko"]
[Result "1-0"]
[WhiteElo "2332"]
[BlackElo "2485"]
[PlyCount "53"]
[EventDate "2010.09.21"]
[EventType "team"]
[EventRounds "11"]
[EventCountry "RUS"]
[Source "lmi"]
[SourceDate "2010.09.21"]
[WhiteTeam "Kyrgyzstan"]
[BlackTeam "MKD"]
[WhiteTeamCountry "KGZ"]

1. Nf3 d5 2. d4 c6 3. c4 dxc4 4. a4 Nf6 5. Nc3 e6 6. e4 Bb4 7. Qc2 b5 8. Bd2
Bb7 9. e5 Nd5 10. Ne4 Be7 11. b3 cxb3 12. Qxb3 a6 13. Bd3 f5 14. exf6 gxf6 15.
O-O Nd7 16. Rfe1 Nf8 17. Nc5 Bxc5 18. dxc5 Qd7 19. Nd4 Nc7 20. Nf5 O-O-O 21.
Nd6+ Kb8 22. Ba5 Ng6 23. axb5 cxb5 24. Nxb7 Qxd3 25. Bxc7+ Kxc7 26. Qxe6 Ne5
27. Nxd8 1-0